000 00476nam a2200193Ia 4500
008 151119s9999||||xx |||||||||||||| ||und||
082 _a891.464
082 _bGKKV12314
100 _aदेशपांडे पु ल
245 _aदाद
260 _a--
260 _b--
260 _c1997
600 _aदेशपांडे पु ल
630 _aदाद
700 _aदेशपांडे पु ल
730 _aदाद
942 _cBOOK
999 _c1066178
_d1066175